000 00792nam a2200217 4500
001 132482
003 ES-MaACL
005 20250302183636.0
007 t|
008 070214s1983 sp r ||||1| spa d
100 1 _aRomero Moreno, José Manuel.
_999417
245 1 0 _aProceso y derechos fundamentales en la España del siglo XIX /
_cJosé Manuel Romero Moreno ; [prólogo de Gregorio Peces-Barba].
260 _aMadrid :
_bCentro de Estudios Constitucionales,
_c1983.
300 _aXVI, 447 p. ;
_c21 cm.
490 1 _aEstudios constitucionales
700 1 _aPeces-Barba, Gregorio,
_d1938-
_989835
710 2 _aCentro de Estudios Constitucionales (España)
_92618
830 0 _aEstudios constitucionales
_9180617
852 _aES-MaACL
_jL-7789
_bR.108423
999 _c132482
_d132482